| 000 | 00677nam a2200217 i 4500 | ||
|---|---|---|---|
| 001 | 141491 | ||
| 003 | ES-MaACL | ||
| 005 | 20250809063522.0 | ||
| 007 | t| | ||
| 008 | 070924s1972 sp ||||1| spa d | ||
| 100 | 1 |
_aVoillaume, René, _d1905-2003 _9115676 |
|
| 245 | 1 | 0 |
_aOración en el desierto / _cRené Voillaume ; [traducción por Joaquín Sagastiberri]. |
| 260 |
_a[Madrid] : _bEdic. Paulinas, _c[1972] |
||
| 300 |
_a263 p. ; _c20 cm. |
||
| 490 | 1 | _aLa mies | |
| 650 | 0 | 4 |
_aEjercicios espirituales. _912133 |
| 700 | 1 |
_aSagastiberri, Joaquín. _9101424 |
|
| 830 | 0 |
_aLa mies _9220416 |
|
| 852 |
_aES-MaACL _jC-49437 _bR.84605 |
||
| 999 |
_c141491 _d141491 |
||